LDR 00803naa#a2200181#i#450# 001 EN\\bibl\121485 005 20260429033911.3 011 ## _a1994-4683 100 ## _a20230531b2023####ek#y0engy0150####ca 102 ## _aRU 200 1# _aCHANGING THE POPULATION'S ATTITUDE TO A HEALTHY LIFESTYLE IN RESPONSE TO THE COVID-19 PANDEMIC _eJournal article 210 1# _aMoscow _cNational State University of Physical Education, Sports and Health named after P.F. Lesgaft _d2023 215 ## _a4 с. 608 ## _aJournal article _2local 675 ## _aОпасность для здоровья работников, обусловленная техническими и химическими факторами. Работа в особых условиях. 331.43 _z 700 #1 _a _g 700 #1 _a _g 856 4# _auchzapiski.lesgaft.spb.ru _u